| 000 | 00691nam a22002297a 4500 | ||
|---|---|---|---|
| 005 | 20170124110034.0 | ||
| 010 | _aB-192452 | ||
| 020 |
_c00.00 _a8120416597 |
||
| 035 | _aB-192452 | ||
| 037 | _bCen Lib/Ret | ||
| 040 |
_aDPL _bEN |
||
| 082 |
_a304.28 _bNAI |
||
| 100 |
_aNaik, S.C. _922291 |
||
| 245 |
_aSociety and environment / _cby S.C. Naik [and] T.N.Tiwari |
||
| 260 |
_aNew Delhi _bOxford & IBH publishing Co. _c2005 |
||
| 270 |
_aS-155,Panchsheel Park _bNew Delhi _e110017 |
||
| 300 |
_a307p. _c22m(Hb) |
||
| 650 |
_aSustainable development _97813 |
||
| 650 |
_aEnvironmental policy _910587 |
||
| 700 |
_921947 _aTiwari, T.N. |
||
| 942 |
_2ddc _cEN _h304.28 _mNAI |
||
| 999 |
_c128060 _d128060 |
||